[Event "DVM U16 2007"]
[Site "Uelzen GER"]
[Date "2007.12.29"]
[Round "5"]
[White "Meiser, Michael"]
[Black "Kolb, Niklas"]
[Result "1-0"]
[Termination "normal"]
[Board "10.4"]
[WhiteElo "1451"]
[BlackElo "1327"]
[WhiteTeam "SC Réti Heusweiler"]
[BlackTeam "SK Gründau"]
[PlyCount "111"]
[WhiteFideId "24659762"]
[BlackFideId "24659746"]
[EventCountry "GER"]
[EventRounds "7"]
[EventType "team-swiss"]
[EventDate "2007.12.26"]

1. e4 e5 2. Nf3 Nc6 3. Bb5 Nf6 4. O-O Bc5 5. Bxc6 bxc6 6. Nxe5 O-O 7. Re1 Re8
8. d4 Bb6 9. Bg5 Re6 10. Ng4 Qe7 11. e5 Ba6 12. Nc3 Re8 13. Nxf6+ gxf6 14. Bxf6
Rxf6 15. exf6 Qxe1+ 16. Qxe1 Rxe1+ 17. Rxe1 Kf8 18. Re4 d5 19. Rh4 Ke8 20. Na4
Kd7 21. Nxb6+ cxb6 22. Rxh7 Ke6 23. Rh6 Be2 24. h4 Bd1 25. c3 Bc2 26. g4 c5 27.
dxc5 bxc5 28. g5 d4 29. cxd4 cxd4 30. Rh8 d3 31. Rd8 Kf5 32. Kf1 Kg6 33. Ke1
Kh5 34. Rd7 Kxh4 35. g6 d2+ 36. Kxd2 Bxg6 37. Rxa7 Kg5 38. Ra6 Kf5 39. b4 Ke5
40. b5 Be4 41. b6 Kd5 42. Ra7 Ke5 43. Rxf7 Ke6 44. b7 Kxf7 45. b8=Q Kxf6 46.
Qf4+ Bf5 47. Ke3 Ke6 48. Kd4 Kf6 49. a4 Kg6 50. a5 Bc8 51. a6 Bxa6 52. Qd6+ Kf5
53. Qxa6 Kg4 54. Qf6 Kh3 55. Qg5 Kh2 56. Ke3 1-0

[Event "DVM U16 2007"]
[Site "Uelzen GER"]
[Date "2007.12.29"]
[Round "6"]
[White "Lichmann, Peter"]
[Black "Jorczik, Julian"]
[Result "0-1"]
[Termination "normal"]
[Board "1.1"]
[BlackTitle "FM"]
[WhiteElo "2324"]
[BlackElo "2362"]
[WhiteTeam "SV Werder Bremen"]
[BlackTeam "SK München Südost"]
[PlyCount "78"]
[WhiteFideId "14111268"]
[BlackFideId "24611719"]
[EventCountry "GER"]
[EventRounds "7"]
[EventType "team-swiss"]
[EventDate "2007.12.26"]

1. d4 Nf6 2. Nf3 g6 3. g3 Bg7 4. Bg2 O-O 5. O-O d6 6. c4 c5 7. Nc3 Nc6 8. d5
Na5 9. Nd2 e6 10. Qc2 exd5 11. cxd5 Bd7 12. a4 a6 13. e4 b5 14. axb5 axb5 15.
Re1 Re8 16. Re3 Ng4 17. Re1 c4 18. Nf3 b4 19. Nd1 Rc8 20. Bf4 Nb3 21. Ra7 Ne5
22. Bxe5 dxe5 23. Ne3 Bb5 24. Bh3 Nd4 25. Nxd4 exd4 26. Bxc8 dxe3 27. Ra8 Qc7
28. d6 exf2+ 29. Kxf2 Qxd6 30. Kg2 Bc6 31. Ra7 Rxc8 32. Qxc4 Bb7 33. Qe2 Qb6
34. Raa1 b3 35. Rac1 Re8 36. Qc4 Bxb2 37. Rb1 Qd4 38. Qxd4 Bxd4 39. Rxb3 Bxe4+
0-1

[Event "DVM U16 2007"]
[Site "Uelzen GER"]
[Date "2007.12.29"]
[Round "6"]
[White "Raykhman, Alexander"]
[Black "Bart, Simon"]
[Result "1/2-1/2"]
[Termination "normal"]
[Board "1.2"]
[WhiteElo "2073"]
[BlackElo "1951"]
[WhiteTeam "SK München Südost"]
[BlackTeam "SV Werder Bremen"]
[PlyCount "53"]
[WhiteFideId "24637033"]
[BlackFideId "24637327"]
[EventCountry "GER"]
[EventRounds "7"]
[EventType "team-swiss"]
[EventDate "2007.12.26"]

1. e4 e5 2. Nf3 Nc6 3. Bb5 a6 4. Bxc6 dxc6 5. O-O Bg4 6. h3 h5 7. d3 Qf6 8.
Nbd2 Bd6 9. Nc4 Bxf3 10. Qxf3 O-O-O 11. Qxf6 Nxf6 12. Nxd6+ cxd6 13. Bg5 Rdf8
14. Bxf6 gxf6 15. f4 Kd7 16. fxe5 fxe5 17. Rf5 Ke7 18. Raf1 f6 19. R1f3 Rh6 20.
Rg3 Rf7 21. Rg8 Rf8 22. Rg7+ Rf7 23. Rg8 Rf8 24. Rxf8 Kxf8 25. Kh2 Kf7 26. h4
Kg6 27. Kh3 1/2-1/2

[Event "DVM U16 2007"]
[Site "Uelzen GER"]
[Date "2007.12.29"]
[Round "6"]
[White "Jebtchouk, Dimitrij"]
[Black "Höfelsauer, Thomas"]
[Result "0-1"]
[Termination "normal"]
[Board "1.3"]
[WhiteElo "1609"]
[BlackElo "2019"]
[WhiteTeam "SV Werder Bremen"]
[BlackTeam "SK München Südost"]
[PlyCount "74"]
[BlackFideId "24668842"]
[EventCountry "GER"]
[EventRounds "7"]
[EventType "team-swiss"]
[EventDate "2007.12.26"]

1. d4 d5 2. c4 e6 3. Nc3 Nf6 4. Bg5 Be7 5. e3 c6 6. Nf3 Nbd7 7. cxd5 exd5 8.
Bd3 O-O 9. O-O Ne4 10. Bxe7 Qxe7 11. Qc2 f5 12. Nd2 Ndf6 13. Rae1 Bd7 14. Re2
Be8 15. f3 Nxd2 16. Qxd2 Bg6 17. Qc2 Ne8 18. Rfe1 Qf6 19. Kh1 Nd6 20. h3 Rae8
21. Na4 Re7 22. Nc3 $11 Rfe8 23. Kh2 Qh4 24. Qb3 Bf7 25. Qa3 Qh6 26. Qc5 $11 a6
27. Kh1 Bh5 28. Nd1 g5 29. Qc2 g4 30. Bxf5 Nxf5 31. Qxf5 Rf8 32. Qd3 gxf3 33.
Rf2 Rg7 34. Rg1 fxg2+ 35. Rgxg2 Bf3 36. Rxf3 Rxf3 37. Rxg7+ Qxg7 0-1

[Event "DVM U16 2007"]
[Site "Uelzen GER"]
[Date "2007.12.29"]
[Round "6"]
[White "Collmer, Dominik"]
[Black "Sasse, Fabius"]
[Result "1/2-1/2"]
[Termination "normal"]
[Board "1.4"]
[WhiteElo "1714"]
[BlackElo "1463"]
[WhiteTeam "SK München Südost"]
[BlackTeam "SV Werder Bremen"]
[PlyCount "40"]
[WhiteFideId "4620763"]
[BlackFideId "24659657"]
[EventCountry "GER"]
[EventRounds "7"]
[EventType "team-swiss"]
[EventDate "2007.12.26"]

1. e4 e5 2. Nf3 Nc6 3. Bb5 a6 4. Ba4 Nf6 5. O-O b5 6. Bb3 Be7 7. Re1 O-O 8. c3
d6 9. h3 Be6 10. Bc2 Nd7 11. d4 exd4 12. cxd4 d5 13. e5 Nb4 14. Bf4 Nxc2 15.
Qxc2 Rc8 16. Qd2 c5 17. Nc3 c4 18. a3 Rc6 19. Nh2 Qb6 20. Be3 Rb8 1/2-1/2

[Event "DVM U16 2007"]
[Site "Uelzen GER"]
[Date "2007.12.29"]
[Round "6"]
[White "Seyb, Alexander"]
[Black "Stitterich, Nadine"]
[Result "1-0"]
[Termination "normal"]
[Board "2.1"]
[WhiteElo "2235"]
[BlackElo "1745"]
[WhiteTeam "FSV Großenseebach"]
[BlackTeam "SV Stuttgart-Wolfbusch"]
[PlyCount "57"]
[WhiteFideId "4699033"]
[BlackFideId "24676527"]
[EventCountry "GER"]
[EventRounds "7"]
[EventType "team-swiss"]
[EventDate "2007.12.26"]

1. e4 e5 2. Nf3 Nc6 3. d4 exd4 4. Nxd4 Qf6 5. Nb5 Bc5 6. Be3 Bxe3 7. fxe3 Qh4+
8. g3 Qd8 9. Qg4 g6 10. Qf4 d6 11. N1c3 a6 12. Nd4 Ne5 13. O-O-O b5 14. Be2 Bb7
15. Rhf1 Qe7 16. Nd5 Bxd5 17. exd5 h5 18. h3 Nh6 19. Kb1 Rb8 20. g4 g5 21. Qe4
h4 22. Rf2 Kd7 23. a4 bxa4 24. Nc6 Nxc6 25. dxc6+ Kd8 26. Qd4 Re8 27. Qa7 Rc8
28. Bxa6 Qxe3 29. Rxd6+ 1-0

[Event "DVM U16 2007"]
[Site "Uelzen GER"]
[Date "2007.12.29"]
[Round "6"]
[White "Lobmeyer, Fabian"]
[Black "Linsenmeyer, Mario"]
[Result "0-1"]
[Termination "normal"]
[Board "2.2"]
[WhiteElo "1648"]
[BlackElo "2097"]
[WhiteTeam "SV Stuttgart-Wolfbusch"]
[BlackTeam "FSV Großenseebach"]
[PlyCount "56"]
[WhiteFideId "24659681"]
[BlackFideId "24635138"]
[EventCountry "GER"]
[EventRounds "7"]
[EventType "team-swiss"]
[EventDate "2007.12.26"]

1. d4 Nf6 2. c4 e5 3. dxe5 Ng4 4. Bf4 Nc6 5. Nf3 Bb4+ 6. Nbd2 Qe7 7. e3 Ngxe5
8. Be2 Nxf3+ 9. Bxf3 Ne5 10. Be2 d6 11. O-O Bd7 12. a3 Bxd2 13. Qxd2 Ng6 14.
Bg3 h5 15. Bf3 h4 16. Bf4 Bc6 17. Bxc6+ bxc6 18. b4 h3 19. g3 O-O 20. f3 Nxf4
21. exf4 Rfe8 22. Rae1 Qf6 23. Rf2 Re6 24. Rxe6 Qxe6 25. Qe2 Re8 26. Kf1 Qe3
27. Qxe3 Rxe3 28. c5 dxc5 0-1

[Event "DVM U16 2007"]
[Site "Uelzen GER"]
[Date "2007.12.29"]
[Round "6"]
[White "Kirch, Florian"]
[Black "Häcker, Katrin"]
[Result "1-0"]
[Termination "normal"]
[Board "2.3"]
[WhiteElo "1976"]
[BlackElo "1463"]
[WhiteTeam "FSV Großenseebach"]
[BlackTeam "SV Stuttgart-Wolfbusch"]
[PlyCount "65"]
[WhiteFideId "24605794"]
[BlackFideId "24667986"]
[EventCountry "GER"]
[EventRounds "7"]
[EventType "team-swiss"]
[EventDate "2007.12.26"]

1. d4 d5 2. c4 Nf6 3. Nc3 e6 4. cxd5 exd5 5. Bg5 Be7 6. e3 Bf5 7. Bxf6 Bxf6 8.
Qb3 b6 9. Qxd5 Qxd5 10. Nxd5 Bd8 11. Rc1 c6 12. Nb4 Bd7 13. Nf3 Be7 14. Nd3 Bf5
15. Nfe5 Bxd3 16. Bxd3 O-O 17. Nxc6 Nxc6 18. Rxc6 Rfd8 19. Ke2 Rac8 20. Rhc1
Rxc6 21. Rxc6 Bd6 22. e4 f6 23. Ke3 Kf7 24. f4 g5 25. g3 h6 26. e5 gxf4+ 27.
gxf4 fxe5 28. fxe5 Be7 29. Ke4 h5 30. Rc7 Ra8 31. d5 Ke8 32. d6 Bh4 33. Rh7 1-0

[Event "DVM U16 2007"]
[Site "Uelzen GER"]
[Date "2007.12.29"]
[Round "6"]
[White "Hamm, Lukas"]
[Black "Quaschner, Tobias"]
[Result "0-1"]
[Termination "normal"]
[Board "2.4"]
[WhiteElo "1472"]
[BlackElo "1956"]
[WhiteTeam "SV Stuttgart-Wolfbusch"]
[BlackTeam "FSV Großenseebach"]
[PlyCount "94"]
[WhiteFideId "24659690"]
[BlackFideId "24646989"]
[EventCountry "GER"]
[EventRounds "7"]
[EventType "team-swiss"]
[EventDate "2007.12.26"]

1. e4 c5 2. Nf3 e6 3. d4 cxd4 4. Nxd4 a6 5. Be2 b6 6. Nc3 Bb7 7. Be3 d6 8. Qd2
Nf6 9. f3 Be7 10. O-O Nbd7 11. Rad1 Qc7 12. Bf2 Rg8 13. Bg3 Nh5 14. Bf2 g5 15.
Be3 Nf4 16. Nb3 Nxe2+ 17. Nxe2 Rc8 18. c3 Ne5 19. Ng3 g4 20. fxg4 Rxg4 21. Qf2
b5 22. Nd2 Bh4 23. Bf4 Nd3 24. Qf3 Rxf4 25. Qxd3 Rxf1+ 26. Rxf1 h6 27. Qf3 Qc5+
28. Kh1 Rc7 29. Qg4 Qg5 30. Qxg5 Bxg5 31. Nf3 Be7 32. Rd1 Rc4 33. Nd2 Rc5 34.
Nb3 Rc4 35. Nd2 h5 36. Nf3 Rc5 37. Kg1 h4 38. Ne2 Bxe4 39. Rd4 Rc4 40. Rxc4
bxc4 41. Nd2 Bd3 42. Kf2 d5 43. g3 hxg3+ 44. Nxg3 Bg5 45. Nf3 Bc1 46. b3 Bb2
47. bxc4 Bxc4 0-1

[Event "DVM U16 2007"]
[Site "Uelzen GER"]
[Date "2007.12.29"]
[Round "6"]
[White "Kaphle, Stephan"]
[Black "Tschlatscher, Thomas"]
[Result "1/2-1/2"]
[Termination "normal"]
[Board "3.1"]
[WhiteElo "2147"]
[BlackElo "1986"]
[WhiteTeam "Post SV Uelzen"]
[BlackTeam "Heilbronner SV"]
[PlyCount "81"]
[WhiteFideId "24629103"]
[BlackFideId "24635863"]
[EventCountry "GER"]
[EventRounds "7"]
[EventType "team-swiss"]
[EventDate "2007.12.26"]

1. e4 e5 2. Nf3 d6 3. d4 exd4 4. Nxd4 Nf6 5. Nc3 Nc6 6. Bf4 Bd7 7. Be2 Be7 8.
Qd2 O-O 9. O-O-O a6 10. Nf5 Nxe4 11. Nh6+ gxh6 12. Nxe4 Re8 13. Bxh6 Bf8 14.
Bg5 Be7 15. Bh6 Bf8 16. Bg5 Be7 17. f4 Bxg5 18. Nxg5 h6 19. Nf3 Qe7 20. Rhe1
Qe3 21. Bf1 Qxd2+ 22. Kxd2 Bg4 23. c3 Bxf3 24. gxf3 Kg7 25. Bd3 Rxe1 26. Rxe1
Kf6 27. Rg1 Ne7 28. Rg4 Rg8 29. c4 Rg7 30. Be4 c6 31. Rh4 Rg2+ 32. Kc3 Kg7 33.
Rg4+ Rxg4 34. fxg4 b6 35. b4 f5 36. gxf5 Kf6 37. Kd3 d5 38. cxd5 cxd5 39. Bg2
Kxf5 40. Kd4 Nc6+ 41. Kc3 1/2-1/2

[Event "DVM U16 2007"]
[Site "Uelzen GER"]
[Date "2007.12.29"]
[Round "6"]
[White "Pogan, Nikolas"]
[Black "Seemann, Semjon"]
[Result "1/2-1/2"]
[Termination "normal"]
[Board "3.2"]
[WhiteElo "1992"]
[BlackElo "2045"]
[WhiteTeam "Heilbronner SV"]
[BlackTeam "Post SV Uelzen"]
[PlyCount "98"]
[WhiteFideId "24673579"]
[BlackFideId "24624080"]
[EventCountry "GER"]
[EventRounds "7"]
[EventType "team-swiss"]
[EventDate "2007.12.26"]

1. e4 c5 2. Nf3 Nc6 3. c3 d5 4. exd5 Qxd5 5. d4 cxd4 6. cxd4 e5 7. Nc3 Bb4 8.
Nxe5 Nxe5 9. dxe5 Qxe5+ 10. Qe2 Qxe2+ 11. Bxe2 Bxc3+ 12. bxc3 Bd7 13. O-O Bc6
14. Bg4 Nf6 15. Re1+ Kf8 16. Ba3+ Kg8 17. Bd1 a5 18. Bb3 a4 19. Bc4 Nd5 20. Re5
Nb6 21. Bd3 g6 22. Rb1 Rd8 23. Bf1 Nd7 24. Re7 h5 25. Bc4 Rh7 26. Rd1 Rc8 27.
Be2 Nb6 28. c4 f6 29. Re6 Nd7 30. Bd3 Kf7 31. Re7+ Kg8 32. Bxg6 Rxe7 33. Bxe7
Kg7 34. Bxh5 Ne5 35. c5 Kh6 36. Be2 Rg8 37. g3 Re8 38. Bd6 Nf3+ 39. Bxf3 Bxf3
40. Ra1 Kg5 41. h3 Re2 42. a3 Kf5 43. Bf4 Ke4 44. Kf1 Kd4 45. Bd6 Kc3 46. Re1
Rxe1+ 47. Kxe1 f5 48. h4 Kc2 49. Be5 Kd3 1/2-1/2

[Event "DVM U16 2007"]
[Site "Uelzen GER"]
[Date "2007.12.29"]
[Round "6"]
[White "Kaphle, Sebastian"]
[Black "Pogan, Sebastian"]
[Result "1-0"]
[Termination "normal"]
[Board "3.3"]
[WhiteElo "2086"]
[BlackElo "1869"]
[WhiteTeam "Post SV Uelzen"]
[BlackTeam "Heilbronner SV"]
[PlyCount "75"]
[WhiteFideId "24626708"]
[BlackFideId "24673587"]
[EventCountry "GER"]
[EventRounds "7"]
[EventType "team-swiss"]
[EventDate "2007.12.26"]

1. e4 c5 2. Nf3 d6 3. d4 cxd4 4. Nxd4 Nf6 5. Nc3 g6 6. Be3 Bg7 7. f3 O-O 8. Qd2
Nc6 9. g4 Nd7 10. O-O-O Nde5 11. Qg2 Bd7 12. Nb3 Rc8 13. Kb1 a5 14. a3 a4 15.
Nd4 Na5 16. Nd5 e6 17. Nb4 Nec4 18. Bxc4 Nxc4 19. Bc1 Qb6 20. Ne2 Bb5 21. h4
Rc6 22. Nf4 Rfc8 23. Qg1 Qc7 24. Rh2 Be5 25. Rg2 Rb6 26. Nfd3 Bg7 27. Rh2 Rc6
28. h5 Qe7 29. g5 R6c7 30. Qf2 Ne5 31. Nxe5 Bxe5 32. f4 Bh8 33. Be3 Bc6 34. Bb6
Rd7 35. Qe3 Re8 36. Rdh1 Bg7 37. hxg6 hxg6 38. Qh3 1-0

[Event "DVM U16 2007"]
[Site "Uelzen GER"]
[Date "2007.12.29"]
[Round "6"]
[White "Wenninger, Philipp"]
[Black "Günnigmann, Manuel"]
[Result "0-1"]
[Termination "normal"]
[Board "3.4"]
[WhiteElo "1661"]
[BlackElo "1945"]
[WhiteTeam "Heilbronner SV"]
[BlackTeam "Post SV Uelzen"]
[PlyCount "99"]
[WhiteFideId "4648404"]
[BlackFideId "24640360"]
[EventCountry "GER"]
[EventRounds "7"]
[EventType "team-swiss"]
[EventDate "2007.12.26"]

1. d4 Nf6 2. c4 g6 3. Nc3 d5 4. cxd5 Nxd5 5. e4 Nxc3 6. bxc3 Bg7 7. Bc4 c5 8.
Be3 O-O 9. Ne2 Nc6 10. O-O Qc7 11. Rc1 Rd8 12. Qd2 Qa5 13. Qb2 e6 14. Rfd1 a6
15. Bg5 Re8 16. e5 b5 17. Bb3 Bb7 18. Ng3 Ne7 19. f3 Qb6 20. Kh1 h6 21. Be3
cxd4 22. cxd4 Bd5 23. Bg1 Qb7 24. Bxd5 exd5 25. a4 b4 26. a5 Rec8 27. Be3 Qb5
28. Bd2 Rab8 29. Rxc8+ Nxc8 30. Rc1 Qxa5 31. Kg1 Bf8 32. Ne2 Qb6 33. Nf4 Ne7
34. Nd3 Nf5 35. Nc5 Qb5 36. g4 Ne7 37. e6 fxe6 38. Nxe6 a5 39. Nxf8 Rxf8 40.
Re1 Rxf3 41. Bxh6 Rf7 42. Qc2 Qd7 43. h3 Qd6 44. Re3 Qf6 45. Qa4 Qf1+ 46. Kh2
Rf2+ 47. Kg3 Rg2+ 48. Kh4 Qf2+ 49. Kg5 Qxe3+ 50. Kf6 0-1

[Event "DVM U16 2007"]
[Site "Uelzen GER"]
[Date "2007.12.29"]
[Round "6"]
[White "Babayev, Husejn"]
[Black "Oltmanns, Ingmar"]
[Result "0-1"]
[Termination "normal"]
[Board "4.2"]
[WhiteElo "1859"]
[BlackElo "1929"]
[WhiteTeam "SF Limburgerhof"]
[BlackTeam "USG Chemnitz"]
[PlyCount "88"]
[WhiteFideId "4647599"]
[BlackFideId "4613910"]
[EventCountry "GER"]
[EventRounds "7"]
[EventType "team-swiss"]
[EventDate "2007.12.26"]

1. e4 c6 2. d4 d5 3. exd5 cxd5 4. Bd3 Nc6 5. c3 g6 6. Bf4 Nh6 7. Nf3 Bg7 8. O-O
f6 9. Re1 O-O 10. Nbd2 Nf7 11. Be3 e5 12. dxe5 fxe5 13. Bb5 g5 14. Bc5 g4 15.
Bxf8 Kxf8 16. Bxc6 bxc6 17. Nd4 exd4 18. cxd4 Bf5 19. Nb3 Kg8 20. Rc1 Rc8 21.
Nc5 Ng5 22. Qa4 Qc7 23. Rc3 Bh6 24. Re5 Qf7 25. Rce3 Ne4 26. Nxe4 Bxe4 27. Rg3
Bf4 28. Rxg4+ Kh8 29. Qa6 Rc7 30. Rxf4 Qxf4 31. h3 Qc1+ 32. Kh2 Qf4+ 33. Kg1
Qc1+ 34. Kh2 Qxb2 35. Rxe4 dxe4 36. Qa5 Qb7 37. Qe5+ Rg7 38. Qe8+ Rg8 39. Qxe4
Qc7+ 40. Kg1 c5 41. dxc5 Qxc5 42. Qh4 Rf8 43. Qg3 Qc1+ 44. Kh2 Qf4 0-1

[Event "DVM U16 2007"]
[Site "Uelzen GER"]
[Date "2007.12.29"]
[Round "6"]
[White "Leschner, Marius"]
[Black "Babayev, Ramil"]
[Result "0-1"]
[Termination "normal"]
[Board "4.3"]
[WhiteElo "1756"]
[BlackElo "1969"]
[WhiteTeam "USG Chemnitz"]
[BlackTeam "SF Limburgerhof"]
[PlyCount "130"]
[WhiteFideId "4613813"]
[BlackFideId "24664243"]
[EventCountry "GER"]
[EventRounds "7"]
[EventType "team-swiss"]
[EventDate "2007.12.26"]

1. e4 c5 2. f4 Nc6 3. Nf3 e6 4. Nc3 d5 5. exd5 exd5 6. d4 Nf6 7. Bb5 a6 8.
Bxc6+ bxc6 9. O-O Be7 10. Ne5 Bb7 11. Be3 cxd4 12. Qxd4 O-O 13. Na4 Qa5 14. Nc5
Qc7 15. Qa4 Qb6 16. Qb3 Bxc5 17. Qxb6 Bxb6 18. Bxb6 Ne4 19. Nd7 Rfe8 20. Rfe1
Bc8 21. Nc5 Bf5 22. Nxe4 Bxe4 23. Rac1 Rab8 24. Bd4 c5 25. Bxc5 Rxb2 26. Bf2
Rxa2 27. c4 Rb8 28. cxd5 Bxd5 29. Rc5 Rd2 30. Rec1 h6 31. Rc8+ Rxc8 32. Rxc8+
Kh7 33. Rc1 a5 34. g4 a4 35. h3 a3 36. Be3 Rg2+ 37. Kf1 Rh2 38. Rd1 Rxh3 39.
Rxd5 Rxe3 40. Ra5 Rf3+ 41. Kg2 Rxf4 42. Kg3 Rf1 43. Rxa3 f5 44. gxf5 Rxf5 45.
Ra7 h5 46. Rb7 Kh6 47. Ra7 Rb5 48. Ra6+ Kg5 49. Ra3 h4+ 50. Kh3 Kh5 51. Rc3 g5
52. Rd3 Rb2 53. Rd5 Rb3+ 54. Kg2 h3+ 55. Kh2 Kh4 56. Rd2 g4 57. Rd4 Rf3 58. Kg1
Kg3 59. Rd1 Rf4 60. Rd3+ Kh4 61. Rd8 g3 62. Rd2 h2+ 63. Kg2 Rf2+ 64. Rxf2 gxf2
65. Kxh2 f1=R 0-1

[Event "DVM U16 2007"]
[Site "Uelzen GER"]
[Date "2007.12.29"]
[Round "6"]
[White "Dalakian, Haroutioun"]
[Black "Zelbel, Patrick"]
[Result "0-1"]
[Termination "normal"]
[Board "5.1"]
[WhiteElo "2031"]
[BlackElo "2227"]
[WhiteTeam "Hamburger SK"]
[BlackTeam "SF Brackel"]
[PlyCount "76"]
[WhiteFideId "24632058"]
[BlackFideId "24624322"]
[EventCountry "GER"]
[EventRounds "7"]
[EventType "team-swiss"]
[EventDate "2007.12.26"]

1. e4 c5 2. Nf3 d6 3. d4 cxd4 4. Nxd4 Nf6 5. Nc3 a6 6. Bg5 e6 7. f4 b5 8. e5
dxe5 9. fxe5 Qc7 10. exf6 Qe5+ 11. Be2 Qxg5 12. O-O Qe5 13. Nb3 Qe3+ 14. Kh1
Nd7 15. fxg7 Bxg7 16. Qd2 Qxd2 17. Nxd2 Bb7 18. Rad1 Bxc3 19. bxc3 Ne5 20. Bf3
Nxf3 21. Nxf3 Rg8 22. Rfe1 Rd8 23. Rd4 Ke7 24. Red1 Bd5 25. Nh4 Rg5 26. Kg1
Rdg8 27. g3 Rc8 28. R4d3 Rc4 29. Nf3 Bxf3 30. Rxf3 Rgc5 31. Rfd3 Rc7 32. Rb1
Rxc3 33. Rxc3 Rxc3 34. Rb2 Kd6 35. Kf2 Kd5 36. Ke2 Kc4 37. Kd2 Rf3 38. Ke2 Ra3
0-1

[Event "DVM U16 2007"]
[Site "Uelzen GER"]
[Date "2007.12.29"]
[Round "6"]
[White "Strathoff, Jens"]
[Black "Colpe, Malte"]
[Result "0-1"]
[Termination "normal"]
[Board "5.2"]
[WhiteElo "2031"]
[BlackElo "2020"]
[WhiteTeam "SF Brackel"]
[BlackTeam "Hamburger SK"]
[PlyCount "94"]
[WhiteFideId "4699084"]
[BlackFideId "24623075"]
[EventCountry "GER"]
[EventRounds "7"]
[EventType "team-swiss"]
[EventDate "2007.12.26"]

1. e4 c5 2. c4 Nc6 3. Ne2 e5 4. Nbc3 d6 5. d3 g6 6. g3 Bg7 7. Bg2 Nf6 8. O-O
O-O 9. Nd5 Nxd5 10. exd5 Ne7 11. Rb1 h6 12. f4 exf4 13. Bxf4 g5 14. Bd2 Bg4 15.
Bf3 Bxf3 16. Rxf3 Ng6 17. Bc3 Qe7 18. Bxg7 Kxg7 19. Nc3 Rae8 20. Qf1 g4 21. Rf5
Ne5 22. Kg2 Nf3 23. Ne4 Qd7 24. Rxf3 gxf3+ 25. Qxf3 f5 26. Nc3 Qe7 27. Rf1 a6
28. Rf2 Qg5 29. Qf4 Qxf4 30. Rxf4 Re3 31. Rf3 Rfe8 32. Rxf5 Rxd3 33. Rf2 Rd4
34. b3 Re3 35. Rc2 Red3 36. Kh3 Rd2 37. Rxd2 Rxd2 38. Ne4 Rxa2 39. Nxd6 b6 40.
Ne4 Rb2 41. Kg4 Rxb3 42. Kf5 Kf7 43. h4 a5 44. g4 a4 45. g5 hxg5 46. hxg5 a3
47. g6+ Kg7 0-1

[Event "DVM U16 2007"]
[Site "Uelzen GER"]
[Date "2007.12.29"]
[Round "6"]
[White "Ma, Beini"]
[Black "Kartsev, Alexandr"]
[Result "1/2-1/2"]
[Termination "normal"]
[Board "5.3"]
[WhiteElo "1953"]
[BlackElo "1989"]
[WhiteTeam "Hamburger SK"]
[BlackTeam "SF Brackel"]
[PlyCount "87"]
[WhiteFideId "24630101"]
[BlackFideId "24647110"]
[EventCountry "GER"]
[EventRounds "7"]
[EventType "team-swiss"]
[EventDate "2007.12.26"]

1. e4 d5 2. exd5 Nf6 3. d4 Nxd5 4. Nf3 Bg4 5. c4 Nb6 6. Nc3 e6 7. Be2 Nc6 8.
Be3 Be7 9. O-O O-O 10. c5 Nd5 11. Nxd5 exd5 12. Rb1 Bf6 13. b4 Ne7 14. Ne5 Bxe2
15. Qxe2 Ng6 16. f4 Bxe5 17. dxe5 f6 18. exf6 Qxf6 19. Qd2 c6 20. Bd4 Qf7 21.
g3 Qd7 22. Qb2 Rf7 23. Rbe1 Raf8 24. Re2 h5 25. Qc2 Qg4 26. Rg2 Qf5 27. Qxf5
Rxf5 28. Re1 R5f7 29. Rge2 h4 30. Re6 Kh7 31. Kf2 a6 32. Be5 Nxe5 33. R1xe5
hxg3+ 34. hxg3 g6 35. Rd6 Kg7 36. Rde6 Rf6 37. Re7+ R6f7 38. R7e6 Rf6 39. Re7+
R8f7 40. Re8 Rf8 41. R8e7+ R8f7 42. Ke3 Rxe7 43. Rxe7+ Rf7 44. Re8 1/2-1/2

[Event "DVM U16 2007"]
[Site "Uelzen GER"]
[Date "2007.12.29"]
[Round "6"]
[White "Haidar, Marcel"]
[Black "Daedrich, Timo"]
[Result "1-0"]
[Termination "normal"]
[Board "5.4"]
[WhiteElo "1599"]
[BlackElo "1432"]
[WhiteTeam "SF Brackel"]
[BlackTeam "Hamburger SK"]
[PlyCount "87"]
[EventCountry "GER"]
[EventRounds "7"]
[EventType "team-swiss"]
[EventDate "2007.12.26"]

1. c4 g6 2. d4 Bg7 3. Nc3 Nf6 4. e4 O-O 5. Nf3 d6 6. Be2 e5 7. O-O Nc6 8. d5
Ne7 9. Nd2 Nd7 10. b4 f5 11. f3 f4 12. a4 g5 13. Ba3 Nf6 14. c5 Ng6 15. Nc4 Rf7
16. cxd6 cxd6 17. b5 Bf8 18. Rb1 h5 19. b6 a6 20. Qb3 g4 21. Rfc1 Nh4 22. Nd1
gxf3 23. Bxf3 Nxf3+ 24. Qxf3 Bg4 25. Qd3 Ne8 26. Nf2 Qh4 27. Rc2 Rg7 28. Rbc1
Qg5 29. Nh3 Qh4 30. Nf2 Qg5 31. Qc3 Be2 32. Qh3 f3 33. g3 h4 34. Nh1 hxg3 35.
Nxg3 Rh7 36. Qe6+ Kh8 37. Bxd6 f2+ 38. Kg2 f1=Q+ 39. Rxf1 Bxf1+ 40. Kxf1 Bxd6
41. Nxd6 Rh6 42. Nf7+ Kg7 43. Nxg5 Rxe6 44. Nxe6+ 1-0

[Event "DVM U16 2007"]
[Site "Uelzen GER"]
[Date "2007.12.29"]
[Round "6"]
[White "Kachibadze, Georg"]
[Black "Meißner, Felix"]
[Result "0-1"]
[Termination "normal"]
[Board "6.1"]
[WhiteElo "2085"]
[BlackElo "2047"]
[WhiteTeam "TuS Makkabi Berlin"]
[BlackTeam "SC Leipzig-Gohlis"]
[PlyCount "116"]
[WhiteFideId "24640794"]
[BlackFideId "24671827"]
[EventCountry "GER"]
[EventRounds "7"]
[EventType "team-swiss"]
[EventDate "2007.12.26"]

1. e4 c5 2. Nf3 d6 3. d4 cxd4 4. Nxd4 Nf6 5. Nc3 a6 6. Be2 e5 7. Nb3 Be7 8. O-O
Be6 9. Bf3 Nbd7 10. a4 O-O 11. Re1 Rc8 12. Nd2 Nb6 13. Nf1 Qc7 14. Bg5 h6 15.
Bxf6 Bxf6 16. Ne3 Bg5 17. a5 Bxe3 18. fxe3 Nc4 19. Nd5 Bxd5 20. Qxd5 b5 21. Bg4
Rcd8 22. b3 Nxa5 23. Qd2 Nb7 24. Rxa6 Nc5 25. Ra3 Nxe4 26. Qd3 Qc3 27. Rc1 b4
28. Ra7 Qxd3 29. cxd3 Nc5 30. Be2 Ra8 31. Rc7 Nxb3 32. Rb1 Nc5 33. Rc6 Ra2 34.
d4 exd4 35. exd4 Rxe2 36. dxc5 dxc5 37. Rxc5 Rb8 38. h3 b3 39. Kh2 Kh7 40. Rc7
Kg6 41. h4 h5 42. Rc5 f6 43. Rc4 Rb7 44. Kh3 b2 45. Kh2 Kf5 46. Rc5+ Kf4 47.
Rc3 Ke4 48. Rc8 Kd3 49. Rd1+ Ke3 50. Rc3+ Kf4 51. Rb1 Rb4 52. Rc7 g6 53. Rc6
Kf5 54. Kh3 Re3+ 55. g3 Rbb3 56. Kh2 Re2+ 57. Kh3 g5 58. Rf1+ Ke5 0-1

[Event "DVM U16 2007"]
[Site "Uelzen GER"]
[Date "2007.12.29"]
[Round "6"]
[White "Doberitz, Paul"]
[Black "Kropman, Alexei"]
[Result "1-0"]
[Termination "normal"]
[Board "6.2"]
[WhiteElo "2077"]
[BlackElo "1912"]
[WhiteTeam "SC Leipzig-Gohlis"]
[BlackTeam "TuS Makkabi Berlin"]
[PlyCount "47"]
[WhiteFideId "24646130"]
[BlackFideId "24670723"]
[EventCountry "GER"]
[EventRounds "7"]
[EventType "team-swiss"]
[EventDate "2007.12.26"]

1. e4 e5 2. Nf3 Nc6 3. Bb5 f5 4. Nc3 fxe4 5. Nxe4 d5 6. Nxe5 dxe4 7. Nxc6 Qg5
8. Nd4+ c6 9. Bf1 Bg4 10. d3 Qg6 11. f3 exf3 12. gxf3 O-O-O 13. fxg4 Rxd4 14.
Be3 Rd5 15. Qf3 Be7 16. O-O-O Ra5 17. Kb1 Nf6 18. Bd2 Rb5 19. d4 Rd5 20. Bf4
Bd6 21. Bd3 Qe8 22. c4 Bxf4 23. cxd5 Nxd5 24. Be4 1-0